00425pab a2200157 454500008004000000100002100040245006000061260000900121300001500130362000800145650001900153650003100172650002300203700001500226773002600241180718b2009 xxu||||| |||| 00| 0 eng d aSrinivasan, V.K. aGlobal financial meltdown and Indian budgetary response c2009 ap.193-201. aAug aBudget - India aEconomic recession - India aEconomic recession aNori, Usha aAsian Economic Review